Подробности
| 000 -МАРКЕР |
| контрольное поле |
01757nam0a22003251 4500 |
| 001 - ИДЕНТИФИКАТОР ЗАПИСИ |
| контрольное поле |
RU\INFOCOMM_322\NLR\5000230664 |
| 005 - ИДЕНТИФИКАТОР ВЕРСИИ |
| контрольное поле |
20250613112239.0 |
| 035 ## - ДРУГИЕ СИСТЕМНЫЕ НОМЕРА |
| Идентификатор записи |
(NLR Aleph) 009606985 |
| 100 ## - ДАННЫЕ ОБЩЕЙ ОБРАБОТКИ |
| Данные общей обработки |
20130314d1976 |||y0rusy50 ca |
| 101 0# - ЯЗЫК РЕСУРСА |
| Язык текста, звукозаписи и т.д. |
английский |
| -- |
французский |
| Язык основного заглавия |
английский |
| 102 ## - СТРАНА ПУБЛИКАЦИИ ИЛИ ПРОИЗВОДСТВА |
| Страна публикации |
российская федерация |
| 105 ## - ПОЛЕ КОДИРОВАННЫХ ДАННЫХ: ТЕКСТОВЫЕ МАТЕРИАЛЫ, МОНОГРАФИЧЕСКИЕ |
| Кодированные данные о монографическом текстовом документе |
y z ||||| |
| 200 1# - ЗАГЛАВИЕ И СВЕДЕНИЯ ОБ ОТВЕТСТВЕННОСТИ |
| Основное заглавие |
Report of the Organizing committee of the 1980 Olympic games in Moscow to the 78th Session of the International Olympic committee, Montreal, 15.07.76 |
| 210 ## - ПУБЛИКАЦИЯ, РАСПРОСТРАНЕНИЕ И ДР. |
| Место издания, распространения и т.д. |
[M. |
| Дата издания, распространения и т.д. |
1976] |
| 215 ## - ФИЗИЧЕСКАЯ ХАРАКТЕРИСТИКА |
| Специфическое обозначение материала и объем |
34, 34 л. встреч. паг. |
| Другие сведения о физической характеристике |
ил. |
| Размеры |
28 см |
| 300 ## - ОБЩИЕ ПРИМЕЧАНИЯ |
| Текст примечания |
Текст 2-го произведения на фр. яз. |
| 309 ## - ПРИМЕЧАНИЯ ОБ ОСНОВНОМ ИСТОЧНИКЕ ИНФОРМАЦИИ И ОБ ОСОБЕННОСТЯХ ПОЛИГРАФИЧЕСКОГО ОФОРМЛЕНИЯ ИЗДАНИЯ |
| Текст примечания |
2-е произведение имеет самостоят. тит. л. и паг. |
| 423 #0 - ИЗДАЕТСЯ В ОДНОЙ ОБЛОЖКЕ ВМЕСТЕ С ... |
| Встроенное поле |
2001#$a[Rapport du Comité d'organisation des Jeux Olympiques de 1980 à Moscou à la 78 Session du Comité international olympique] |
| -- |
71012$aJeux Olympiques$bComité d'organisation$d22$eMoscou$f1980$4070 |
| Заглавие |
[Rapport du Comité d'organisation des Jeux Olympiques de 1980 à Moscou à la 78 Session du Comité international olympique] |
| Автор |
Jeux Olympiques. Comité d'organisation (22 ; 1980 ; Moscou) |
| 601 12 - НАИМЕНОВАНИЕ ОРГАНИЗАЦИИ КАК ПРЕДМЕТ |
| Начальный элемент ввода |
Летние олимпийские игры |
| Порядковый номер временной организации и / или порядковый номер ее части |
22 |
| Место проведения временной организации |
Москва, город |
| Дата проведения временной организации |
1980 |
| Тематический подзаголовок |
Подготовка и проведение |
| Системный номер авторитетной/нормативной записи |
2605951 |
| Идентификатор авторитетной/нормативной записи |
RU\NLR\AUTH\661542509 |
| 601 12 - НАИМЕНОВАНИЕ ОРГАНИЗАЦИИ КАК ПРЕДМЕТ |
| Начальный элемент ввода |
Олимпийские игры летние |
| Порядковый номер временной организации и / или порядковый номер ее части |
22 |
| Дата проведения временной организации |
1980 |
| Тематический подзаголовок |
Подготовка |
| Место проведения временной организации |
Москва |
| Код системы |
nlr_sh1 |
| 620 ## - МЕСТО И ДАТА ПУБЛИКАЦИИ, ИСПОЛНЕНИЯ И Т. Д. |
| Страна |
Москва |
| 686 ## - ИНДЕКСЫ ДРУГИХ КЛАССИФИКАЦИЙ |
| Индекс |
ч514(0)902(22-е) |
| Код системы |
|
| 710 12 - НАИМЕНОВАНИЕ ОРГАНИЗАЦИИ - ПЕРВИЧНАЯ ОТВЕТСТВЕННОСТЬ |
| Начальный элемент ввода |
Olympic games |
| Структурное подразделение |
Organizing committee |
| Порядковый номер временной организации и / или порядковый номер ее части |
22 |
| Место проведения временной организации |
Moscow |
| Дата проведения временной организации |
1980 |
| Код отношения |
Автор |
| 801 #1 - ИСТОЧНИК ЗАПИСИ |
| Страна |
российская федерация |
| Организация |
Infocomm |
| Дата составления |
20130314 |
| 801 #0 - ИСТОЧНИК ЗАПИСИ |
| Страна |
российская федерация |
| Организация |
INFOCOMM |
| Правила каталогизации |
PSBO |
| 852 ## - МЕСТОНАХОЖДЕНИЕ И ШИФР ХРАНЕНИЯ |
| Идентификатор организации |
NLR |
| Шифр хранения (Call Number) |
Фк01 Д-7/70 |
| 942 ## - ДОПОЛНИТЕЛЬНЫЕ ЭЛЕМЕНТЫ ЗАПИСИ (АБИС) |
| Тип экземпляра АБИС |
Книга |
| 980 ## - КОЛЛЕКЦИЯ |
| Название коллекции |
Национальная библиография |